000 00287dam a22001097a 4500
999 _c2971
_d2971
008 190521e1990 cl ||||| |||| 00| 0 spa d
100 _aMeneghello Rivera, Julio
_9344
245 _aDialogos en Pediatria
250 _a1a ed.
260 _aSantiago [Chile]
_bMediterraneo
_c1990
500 _aBaja